000 00796nam a2200229Ia 4500
003 OSt
005 20260203141507.0
008 220923b |||||||| |||| 00| 0 eng d
020 _a9788132109457
037 _cGeneral Book
040 _aRTL
_cRTL
_beng
041 _2eng
_aeng
084 _a Y:44.29W, Q2
_q RTL
245 0 _aConstruction of evil in North-East India: myth, narrative and discourse.
_b
260 _a New Delhi
_bSage
_c2012
300 _axxxvii, 248 p.
_b Includes bibliographical references and index
650 _aSociology
_91113420
700 _aBixwas Prasenjit
_9309348
_e Editor
700 _a Thomas C.Joshua
_e Editor
_91113421
942 _h Y:44.29W, Q2
_cGB
_2CC
_n0
999 _c612413
_d612413